000 00821nam a22001937a 4500
999 _c61993
_d61993
003 Ge_BSU
005 20240619154005.0
008 240619s1973 ge ||||| |||| 00| 0 geo d
041 _ageo
080 _a615.838(479.22) შ-16
100 _aშავიანიძე, ოთარ
_922499
245 _aკურორტი წყალტუბო /
_cოთარ შავიანიძე; რედ. ნ. ჩიგოგიძე.
264 _aთბილისი :
_bსაბჭ. საქართველო,
_c1973.
300 _a93 გვ. :
_b2 ფ. ილ. ;
_c21 სმю
520 _aრეზ. რუს. ენ.
653 _aკურორტი წყალტუბო.
700 _aჩიგოგიძე, ნ.
_eრედაქტორი
_922426
942 _2udc
_cᲬᲘᲒᲜᲘ